Ľudský kapitál a technický pokrok ako kľúčové faktory ekonomického rastu diplomová práca

Saved in:
Bibliographic Details
Main Author: Gago-Hilčíková, Nina
Corporate Author: Národohospodárska fakulta EU. Katedra hospodárskej politiky
Other Authors: Vondrová, Andrea, 1987-
Format: Book
Language:Slovak
Published: Bratislava 2015
Tags: Add Tag
No Tags, Be the first to tag this record!

MARC

LEADER 00000nbm a2200000 4500
001 0202570
005 20161212095659.6
041 0 |a slo 
044 |a SK 
245 1 0 |a Ľudský kapitál a technický pokrok ako kľúčové faktory ekonomického rastu  |b diplomová práca  |c Nina Gago-Hilčíková ; školiteľ: Andrea Vondrová 
264 1 |a Bratislava  |c 2015 
300 |a 60 s. 
100 1 |a Gago-Hilčíková, Nina 
700 1 |a Vondrová, Andrea, 1987- 
710 2 |a Národohospodárska fakulta EU. Katedra hospodárskej politiky